| 000 | 00641nam a2200169Ia 4500 | ||
|---|---|---|---|
| 005 | 20250424120307.0 | ||
| 008 | 250424s9999 xx 000 0 und d | ||
| 022 | _a20069286 | ||
| 050 | _aJZ 5584.A35 .M55/ | ||
| 245 | 0 | _aMillennium journal of international affairs and security studies | |
| 260 | _aImo state, Nigeria | ||
| 260 | _bRhyce kerex publishers | ||
| 260 | _c2018 | ||
| 300 | _a204 p. :ill. ; 29 cm. | ||
| 650 | _aConflict management--Africa--Congresses. Peace-building--Africa--Congresses. National security--Africa--Congresses. Democratization--Africa--Congresses. International relief--Africa--Congresses. | ||
| 942 | _cSR | ||
| 999 |
_c38488 _d38488 |
||